滁州市地图 Chuzhou Map Quiz - Statistics

General Stats
  • This quiz has been taken 20 times
  • The average score is 7 of 8
Answers on the Map
Answers color-coded by a green-red scale on the quiz's map according to % correct below.
 
Answer Stats
Answer % Correct
天长市
100%
琅琊区
88%
凤阳县
88%
来安县
82%
南谯区
76%
全椒县
76%
明光市
71%
定远县
71%
No matching quizzes found
Score Distribution
Percent of People with Each Score
Percentile by Number Answered
Your Score History
You have not taken this quiz